000 00642nam a2200217Ia 4500
003 GCL
008 140319s9999 xx 000 0 ara d
040 _aGCL /
_cGCL
082 0 4 _aد
_b050
100 1 _aلويد، دينيس
245 1 0 _aفكرة القانون ( عالم المعرفة 47 ) /
_cلويد، دينيس
700 1 _aسليم الصويص
700 1 _aسليم بسيونى
300 _a416 ص
490 _aعالم المعرفة
_v0
650 0 4 _aالقانون
650 0 4 _aالقانون - تاريخ
650 0 4 _aالقانون - نظريات
650 0 4 _aالقانون - مصادر
942 _2ddc
_cBK
999 _c50432
_d50432